[Event "First Match"]
[Site "?"]
[Date "1975.06.17"]
[Round "4"]
[White "Bailey, B."]
[Black "Gray, M."]
[Result "1-0"]
[WhiteElo "2016"]
[BlackElo "1835"]
[Annotator "Stockfish 14 (15s)"]
[PlyCount "111"]
[EventDate "1975.??.??"]

{C61: Ruy Lopez: Bird's Defence} 1. e4 e5 2. Nf3 Nc6 3. Bb5 Nd4 4. Nxd4 exd4 5.
c3 c6 6. Bd3 (6. Be2 Bc5 7. d3 d6 8. b4 Bb6 9. c4 c5 10. a3 Be6 11. Bg4 Nf6 12.
Bxe6 fxe6 13. Bg5 O-O 14. O-O Qe8 15. Nd2 Bc7 16. f4 h6 17. Bxf6 Rxf6 18. bxc5
dxc5 19. e5 Rf7 20. Ne4 b6 {Wilkenson,S-Rowe,P (2085) Bled 2002 1/2-1/2 (42)})
(6. Bc4 dxc3 7. Nxc3 d6 8. d4 Nf6 9. O-O Be7 10. Re1 O-O 11. Bf4 d5 12. exd5
cxd5 13. Nxd5 Nxd5 14. Bxd5 Bb4 15. Re5 Bd6 16. Bg5 Qd7 17. Re3 Qf5 18. Qf3
Qxg5 19. Re8 Qf4 20. Rxf8+ Kxf8 {
Osmanodja,F-Kusenkova,N Herceg Novi 2005 0-1 (54)}) 6... Bc5 $146 (6... d5 7.
O-O dxe4 8. Bxe4 Nf6 9. Bf3 Be6 10. d3 Be7 11. Bf4 O-O 12. h3 Qd7 13. Kh2 Rad8
14. c4 Bf5 15. g4 Bd6 16. Bg3 Bg6 17. g5 Ne8 18. Bg4 Bf5 19. Nd2 f6 20. Ne4
Bxg3+ 21. fxg3 {Ljashkevich,L-Pogoskin,R Moscow 1999 0-1 (53)}) (6... d5 7. O-O
dxe4 8. Bxe4 $15) 7. cxd4 (7. O-O Ne7 $11) 7... Bxd4 $15 8. Nc3 Qf6 (8... Nf6
9. O-O O-O 10. Bc2 $15) 9. O-O $11 d6 (9... Ne7 10. Qc2 Ng6 11. Ne2 $11) 10.
Qc2 Bg4 11. Ne2 Bb6 (11... Bxe2 12. Bxe2 Ne7 13. a4 $11) 12. Bc4 (12. b4 $5
Bxe2 13. Bxe2 $14) 12... Ne7 $11 13. d3 O-O 14. Be3 d5 15. Bxb6 dxc4 16. Bd4
cxd3 17. Bxf6 (17. Qxd3 $2 Bxe2 18. Bxf6 Bxd3 19. Bxe7 Rfe8 $17) 17... dxc2 18.
Bxe7 Bxe2 19. Bxf8 Bxf1 20. Kxf1 Rd8 21. Bd6 Rxd6 22. Ke2 Rd4 23. f3 f6 24. Rc1
Kf7 25. Rxc2 Ke6 26. Rc3 Ke5 27. Ra3 Rb4 28. b3 a6 29. Ra5+ Kd4 30. Rh5 h6 31.
Kd2 $4 (31. Ra5 $142 $11) 31... b6 (31... Rb5 32. Rh4 Re5 33. a3 $19) 32. Rh3
$2 (32. e5 Rb5 33. Rh4+ Kxe5 34. Re4+ Kd6 35. Re8 $19) 32... a5 (32... Rb5 $142
$19) 33. Rg3 $11 a4 34. Kc2 axb3+ 35. axb3 g5 36. Rh3 c5 37. Rxh6 Ke5 $4 (37...
c4 $142 $11) 38. h4 $18 gxh4 39. Rxh4 c4 (39... Rd4 40. Rh5+ Ke6 $18) 40. Rh5+
Ke6 41. bxc4 Rxc4+ 42. Kd3 Rc1 (42... Rb4 43. Ke3 Kf7 $18) 43. Rb5 Rd1+ 44. Ke3
Rd6 45. Kf4 Kd7 46. Rd5 (46. Kf5 $142 Kc6 47. Rb1 $18) 46... Rxd5 $11 47. exd5
Kd6 48. Ke4 b5 49. Kd4 b4 $4 (49... f5 $142 50. g3 b4 $11) 50. Kc4 $18 b3 51.
Kxb3 Kxd5 52. Kc3 Ke5 53. g3 Kf5 54. Kd4 Kg5 55. Ke4 f5+ 56. Ke5 1-0

[Event "First Match"]
[Site "?"]
[Date "1975.06.23"]
[Round "5"]
[White "Gray, M."]
[Black "Bailey, B."]
[Result "1-0"]
[WhiteElo "1846"]
[BlackElo "2016"]
[Annotator "Stockfish 14 (15s)"]
[PlyCount "70"]
[EventDate "1975.??.??"]

{B05: Alekhine's Defence: 4 Nf3 Bg4} 1. e4 Nf6 2. e5 Nd5 3. d4 d6 4. Nf3 Bg4 5.
Bc4 e6 6. Bxd5 exd5 7. Nc3 dxe5 (7... c6 8. h3 Bf5 9. Bg5 Qb6 10. O-O dxe5 11.
Nxe5 Be6 12. Re1 Qc7 13. f4 f6 14. f5 fxe5 15. Rxe5 Qf7 16. fxe6 {
1-0 (16) Davila,C (2374)-Aikhoje,O (2253) Turin 2006}) 8. dxe5 c6 9. O-O Be7
10. Re1 $146 (10. Qd4 Bxf3 11. gxf3 O-O 12. Kh1 f6 13. f4 f5 14. Be3 Na6 15.
Qd2 Nc7 16. Rad1 Bb4 17. a3 Bxc3 18. Qxc3 Qh4 19. Bc5 Rf7 20. Qg3 Qh5 21. Rfe1
b6 22. Be3 Re8 23. Rd3 Re6 24. Bd2 Rh6 {
Nguyen Ngoc Phung-Hoang Nam Thang (2361) Dong Thap 2004 0-1 (44)}) (10. h3 Bh5
$15) 10... O-O 11. h3 Bh5 12. Bf4 (12. g4 $142 $5 Bg6 13. Nd4 $11) 12... Nd7
$17 13. g4 Bg6 14. Bg3 Nc5 15. Nd4 Ne4 (15... Qb6 $142 $5 16. Rb1 Rfe8 $15) 16.
Nxe4 $11 Bxe4 17. f3 (17. Qd2 h5 $11) 17... Bg6 18. Kg2 Bc5 (18... c5 19. Ne2
$11) 19. c3 $14 Qe7 20. Qd2 (20. a4 a5 $11) 20... h6 (20... f5 21. exf6 (21.
gxf5 $143 Bxf5 22. Nxf5 Rxf5 $15) 21... Qxf6 22. Re3 $11) 21. h4 (21. Re2 $5
$16) 21... Bxd4 22. cxd4 Qe6 $2 (22... h5 23. gxh5 Bxh5 $14) 23. Qb4 $4 (23. h5
$142 Bh7 24. Rac1 $16) 23... h5 $11 24. g5 Qf5 (24... Rfd8 $5 $15) 25. Rac1 $11
(25. Qxb7 $4 Qc2+ 26. Kh1 Rab8 $19) 25... f6 (25... a5 $5 26. Qb6 a4 $11) 26.
gxf6 (26. exf6 $142 gxf6 27. Qxb7 fxg5 28. Rc3 gxh4 29. Be5 $18) 26... gxf6 $4
(26... Rf7 $142 $14) 27. e6 $18 Rfe8 $2 (27... b6 28. Qd6 Rac8 $18) 28. Qxb7
Qd3 29. Rxc6 (29. Qxc6 $142 Qd2+ 30. Kh1 Qxd4 31. e7 $18) 29... Qd2+ $4 (29...
Rab8 $142 $1 30. Qd7 Qd2+ 31. Kh1 Rxb2 $11) 30. Kh1 $16 Rab8 31. Qd7 $4 (31.
Qc7 $142 Rxb2 32. Rg1 $16) 31... Rxb2 $11 32. Rg1 Qxd4 $4 (32... Qd3 $142 33.
Qxe8+ Bxe8 34. Be5+ Bg6 35. Rc8+ Kg7 36. Rc7+ Kf8 37. Bd6+ Kg8 38. Rc8+ Kg7 39.
Rc7+ Kg8 40. Rc8+ Kh7 41. Rc7+ Kh8 42. Rc8+ Kg7 43. Rc7+ Kh8 44. Rc8+ Kh7 45.
Rc7+ Kh8 $11) 33. Rc7 f5 (33... Re7 34. Qxe7 Qxg1+ 35. Kxg1 Rb1+ 36. Kg2 Rb2+
37. Bf2 Rxf2+ 38. Kxf2 Bf7 39. Qxf7+ Kh8 40. Rc8#) 34. Qf7+ $3 Kh8 (34... Bxf7
35. exf7+ {Mate attack Clearance}) 35. Qxg6 Qxg1+ 1-0

[Event "First Match"]
[Site "?"]
[Date "1975.06.25"]
[Round "6"]
[White "Bailey, B."]
[Black "Gray, M."]
[Result "1-0"]
[WhiteElo "2016"]
[BlackElo "1846"]
[Annotator "Stockfish 14 (15s)"]
[PlyCount "43"]
[EventDate "1975.??.??"]

{C40: Latvian and Elephant Gambits} 1. e4 e5 2. Nf3 Bc5 3. Nxe5 Bxf2+ (3... Qe7
4. d4 Bd6 5. Nf3 Qxe4+ 6. Be2 Nf6 7. O-O O-O 8. Bd3 Qe8 9. c4 c6 10. Nc3 Bb4
11. Bg5 Qd8 12. Qb3 Be7 13. Rfe1 d6 14. Re3 Nbd7 15. Rae1 Re8 16. Ne4 Rf8 17.
Ng3 Re8 18. Nf5 {Licher,F-Brouwer,E Rotterdam 1977 1-0}) 4. Kxf2 Qh4+ $146 (
4... Qf6+ 5. Nf3 d6 6. Qe1 Nc6 7. d3 Bg4 8. Bg5 Qg6 9. Nc3 Bxf3 10. gxf3 Qxg5
11. Nd5 Qh4+ 12. Kg2 Qg5+ 13. Kf2 Qh4+ 14. Ke3 Qh6+ 15. f4 O-O-O 16. Qg3 Re8
17. Bh3+ Kb8 18. Rhg1 g6 19. Ke2 {
Papadogiannis,F (1210)-Tzouganakis,P Chania 2003 0-1 (66)}) (4... Nf6 5. Nc3 c5
6. Bc4 $18) 5. Kg1 Nf6 (5... d5 6. d4 dxe4 7. Nc3 $18) 6. d3 Nc6 7. g3 (7. Nf3
Qh5 8. c4 d6 $18) 7... Qh5 8. Qxh5 Nxh5 9. Nxc6 dxc6 10. e5 (10. Be2 Nf6 $18)
10... Bg4 (10... O-O 11. Be2 g6 12. Nc3 $18) 11. Kf2 g6 12. Bh6 Rg8 13. h3 Be6
14. Nc3 (14. g4 $142 $5 Ng7 $18) 14... f5 15. exf6 Nxf6 16. Re1 Kd7 17. Bg5 (
17. Bg2 Rae8 $18) 17... Raf8 18. Ke2 Nh5 (18... Kc8 19. Kd2 Nh5 20. Rg1 $18)
19. Rg1 Rf5 (19... Kc8 20. Kd1 Bd7 21. Ne4 $18) 20. h4 Rgf8 21. Ne4 Bd5 (21...
c5 22. Bh3 b6 23. Kd2 $18) 22. Bh3 1-0

[Event "It's Summer Open"]
[Site "?"]
[Date "1975.06.21"]
[Round "1"]
[White "Bailey, B."]
[Black "Pitre, H."]
[Result "1-0"]
[WhiteElo "2016"]
[BlackElo "1664"]
[Annotator "Stockfish 13 (15s)"]
[PlyCount "41"]
[EventDate "1975.??.??"]

{C66: Ruy Lopez: Steinitz Defence} 1. e4 e5 2. Nf3 Nc6 3. Bb5 Nf6 4. O-O Be7 5.
d3 d6 6. h3 Bd7 (6... O-O 7. Nc3 (7. Bxc6 bxc6 8. b3 Re8 9. Bb2 c5 10. c4 Nd7
11. Na3 Nf8 12. Nc2 Rb8 13. Ne3 Ne6 14. Kh2 Nd4 15. Nxd4 cxd4 16. Nc2 f5 17.
Ne1 Rf8 18. g3 Qd7 19. exf5 Qxf5 20. g4 Qf4+ 21. Kg1 Bh4 {
Tran Ngoc Lan (1988)-Nguyen Hoang Nam (2156) Cao Lanh Dong Thap 2006 0-1 (58)})
7... Bd7 8. Re1 Re8 9. a3 h6 10. Ne2 Bf8 11. Ng3 g6 12. c3 Na5 13. Bxd7 Qxd7
14. d4 Rad8 15. d5 c6 16. Qa4 Qc7 17. c4 b5 18. cxb5 cxd5 19. exd5 Nxd5 20. Bd2
Nc4 21. Rac1 {Maurer,J (2185)-Boguslavsky,O (2340) Germany 2004 0-1 (45)}) 7.
Be3 $146 (7. c3 Na5 8. Bxd7+ Qxd7 9. Re1 O-O 10. d4 Nc6 11. Nbd2 Rfe8 12. d5
Nd8 13. Nf1 c6 14. c4 b6 15. Ng3 h6 16. b3 Nb7 17. Ba3 cxd5 18. cxd5 Rac8 19.
Qd3 Nc5 20. Bxc5 Rxc5 21. Nd2 b5 {
Kopera,M (1925)-Damaska,J (1885) Slovakia 1997 0-1 (41)}) (7. Re1 O-O 8. a3 a6
9. Ba4 Nd4 10. Bxd7 Nxf3+ 11. Qxf3 Qxd7 12. Nc3 b5 13. Be3 c5 14. b3 b4 15. Na4
d5 16. Nb6 Qb7 17. Nxa8 {1-0 (17) Carius,O-Zawierta,M Hagenbach 1998}) 7... a6
8. Ba4 Nb8 (8... b5 $5 9. Bb3 Na5 $11) 9. Bb3 c5 10. Nc3 (10. c3 O-O $14) 10...
Nc6 11. a3 O-O 12. Nh2 (12. Nd5 Nxd5 13. Bxd5 Be6 $14) 12... Nd4 (12... Be6 13.
Ba2 $11) 13. Ba2 Rb8 14. Ne2 (14. Ng4 Be6 $11) 14... Be6 15. c3 Nxe2+ 16. Qxe2
d5 17. Bg5 Qd6 $2 (17... Re8 $142 $5 $11) 18. f4 $16 dxe4 $4 (18... c4 $142 19.
dxc4 dxc4 $16) 19. fxe5 $18 Qxe5 20. Bf4 exd3 (20... Qh5 21. Ng4 Nxg4 22. Bxe6
exd3 23. Qxg4 Qxg4 24. Bxg4 Rbd8 $18) 21. Qxe5 (21. Qxe5 c4 22. Bxc4 Bxc4 23.
Qxe7 $18) 1-0

[Event "It's Summer Open"]
[Site "?"]
[Date "1975.06.21"]
[Round "2"]
[White "Bailey, D."]
[Black "Bailey, B."]
[Result "0-1"]
[WhiteElo "1774"]
[BlackElo "2016"]
[Annotator "Stockfish 13 (15s)"]
[PlyCount "160"]
[EventDate "1975.??.??"]

{D52: Queen's Gambit Declined: Cambridge Springs Variation} 1. d4 d5 2. c4 e6
3. Nc3 Nf6 4. Bg5 Nbd7 5. e3 c6 6. Nf3 Qa5 7. cxd5 Nxd5 8. Qb3 Bb4 9. Rc1 h6
10. Bh4 b5 $146 (10... c5 11. Nd2 (11. a3 Bxc3+ 12. bxc3 cxd4 13. exd4 O-O (
13... f5 14. h3 f4 15. Bd3 g5 16. Nxg5 hxg5 17. Bxg5 Kf7 18. h4 N7f6 19. O-O
Bd7 20. c4 Ne7 21. Qxb7 Bc6 22. Qb2 Rab8 23. Qa1 Ng4 24. Bxe7 Kxe7 25. d5 Rbg8
26. Rce1 Bxd5 27. cxd5 Qxd5 28. Be4 {
Goldsztejn,G (2359)-Libiszewski,F (2419) Paris 2004 0-1 (36)}) 14. Bg3 Re8 15.
Be2 a6 16. O-O b5 17. Nd2 N7f6 18. Rfd1 Bd7 19. Qb2 Rec8 20. Nb3 Qd8 21. Nc5
Bc6 22. a4 Qa5 23. Nb3 Qb6 24. axb5 axb5 25. Nd2 Ra5 {
Flohr,S-Lustig,F Prague 1928 1-0 (45)}) 11... cxd4 12. exd4 O-O 13. Nc4 Qc7 14.
Bg3 Qc6 15. a3 Nxc3 16. bxc3 Qe4+ 17. Ne3 Ba5 18. Qb5 b6 19. Be2 a6 20. Qa4 Ra7
21. O-O Nf6 22. Bf3 Qg6 23. Nc4 Bd7 24. Bc6 Bxc6 25. Qxc6 {
Purnama,T (2337)-Zhu Chen (2494) Barcelona 2005 1/2-1/2 (95)}) 11. Be2 c5 12.
O-O c4 13. Qc2 O-O 14. Ne5 (14. Ne4 $5 Bb7 15. a3 $15) 14... Nxe5 $15 15. dxe5
(15. Nxd5 exd5 16. dxe5 $17) 15... Be7 (15... Nxc3 $142 $5 16. bxc3 Ba3 $17)
16. Bxe7 $11 Nxe7 17. Ne4 Bb7 18. Nd6 Bc6 19. e4 (19. b3 cxb3 20. axb3 Qb6 $14)
19... Rad8 20. a4 (20. b3 Ng6 21. Qb2 Qb4 $11) 20... a6 21. axb5 axb5 (21...
Bxb5 $2 22. Nb7 Qb6 23. Nxd8 Rxd8 24. Rfd1 $18) 22. Rfd1 (22. b3 Ng6 23. bxc4
bxc4 24. Nxc4 Qc5 $11) 22... Ng6 23. b3 Nxe5 (23... Ra8 24. Bf1 $15) 24. bxc4
$15 bxc4 (24... b4 25. c5 $11) 25. Nxc4 $11 Nxc4 26. Qxc4 Rc8 27. h3 Ba4 28.
Qxc8 Rxc8 29. Rxc8+ Kh7 30. Rdc1 Qd2 31. Bf3 g6 32. R8c7 Kg7 33. Ra1 Qd4 34.
Rac1 Bb5 35. R7c5 Bd3 36. R5c3 f5 (36... g5 37. Rc7 Kg6 38. Rc8 $11) 37. Rc7+
Kf6 38. Rd1 (38. exf5 gxf5 39. Rd1 Qb4 $14) 38... fxe4 $11 39. Be2 Qb6 40. Bxd3
Qxc7 (40... exd3 $4 41. Rd7 $18) 41. Bxe4 Qf4 42. Bf3 h5 43. Re1 e5 44. Re4
Qc1+ 45. Kh2 Qf1 46. Re2 e4 47. Rxe4 Qxf2 48. Re2 Qc5 49. Re1 Kg5 50. Re2 Qd6+
51. Kg1 Kh4 52. Kf2 Qc5+ 53. Ke1 Kg3 54. Kd2 Qd4+ 55. Kc2 Qd6 56. Kc3 Qf6+ 57.
Kd3 Qh8 58. Kd2 g5 59. Kd3 g4 60. hxg4 hxg4 61. Be4 Qd8+ 62. Ke3 Qd7 63. Rc2
Qa7+ 64. Kd3 Kf4 65. Re2 Qc5 66. Re1 Qd6+ 67. Kc2 Kg3 68. Re2 Qd4 69. Kc1 Kh2
70. Kc2 Kg1 71. Bd3 Qa4+ 72. Kd2 Qa2+ 73. Ke3 Qa1 74. Kd2 Qb2+ 75. Bc2 $4 (75.
Ke3 $142 Qc1+ 76. Kd4 Qa1+ 77. Ke4 $11) 75... Kf1 $19 76. Re4 g3 77. Kd1 Kxg2 (
77... Qa1+ 78. Kd2 Kxg2 79. Re2+ Kf3 80. Be4+ Kf4) 78. Re2+ $11 Kg1 79. Re1+ $4
(79. Be4 $142 Qb4 80. Re1+ Kf2 81. Re2+ Kf1 82. Bg2+ Kg1 83. Be4 $11) 79... Kh2
80. Re2+ g2 0-1

[Event "It's Summer Open"]
[Site "?"]
[Date "1975.06.21"]
[Round "3"]
[White "Bailey, B."]
[Black "Walker, D."]
[Result "1-0"]
[WhiteElo "2016"]
[BlackElo "1718"]
[Annotator "Stockfish 13 (15s)"]
[PlyCount "51"]
[EventDate "1975.??.??"]

{B15: Caro-Kann: 3 Nc3: 3...g6 and 3...dxe4 4 Nxe4 Nf6 5 Nxf6+ exf6} 1. e4 g6
2. d4 Bg7 3. Nc3 c6 4. f4 d5 5. e5 h5 6. Nf3 Nh6 7. Bd3 Bg4 8. h3 Bxf3 9. Qxf3
e6 10. g3 (10. Be3 Nd7 11. O-O-O b5 12. g4 b4 13. Ne2 hxg4 14. hxg4 Qa5 15. Kb1
c5 16. f5 cxd4 17. f6 Bf8 18. Bxd4 Rg8 19. Nf4 O-O-O 20. g5 Nf5 21. Bxf5 gxf5
22. g6 Bc5 23. gxf7 Rg4 24. Nxe6 Bxd4 {
Opacic,A (2122)-Trangoni,B (1946) Venice 2005 1-0}) 10... Qb6 (10... Nf5 11.
Bxf5 exf5 12. Be3 Na6 13. O-O Nc7 14. Na4 Bf8 15. b3 Ne6 16. Rfd1 Qa5 17. Bd2
Qa6 18. Be3 Ba3 19. Qf1 Qxf1+ 20. Kxf1 b5 21. Nc5 Bxc5 22. dxc5 Ke7 23. h4 a5
24. a3 f6 25. exf6+ {McShane,L (2385)-Polak,T (2445) Witley 1996 1/2-1/2 (41)})
11. Be3 $146 (11. Ne2 Nd7 (11... Nf5 12. c3 Nd7 13. g4 Nh6 14. f5 exf5 15. gxf5
Nxf5 16. Bxf5 gxf5 17. Ng3 O-O-O 18. Nxf5 Bf8 19. Qf2 Rg8 20. Bf4 Qa6 21. Kd2
c5 22. Bg3 cxd4 23. Rhc1 Nc5 24. Qf4 Qd3+ 25. Ke1 Ne6 26. cxd4+ {
Rosenberg,M-Collins,W Bearsden, Glasgow 1970 1-0 (40)}) 12. g4 (12. c3 c5 13.
g4 hxg4 14. hxg4 O-O-O 15. f5 gxf5 16. gxf5 Nxf5 17. Rxh8 Rxh8 18. Bxf5 exf5
19. Qxd5 Bh6 20. Bxh6 Qxh6 21. Qf3 Qh1+ 22. Qf1 Qe4 23. O-O-O Rh2 24. Re1 Qe3+
25. Kd1 Rf2 26. Qg1 f4 {
Vyhnalek,B (2220)-Kacirek,P (2270) Czechia 1998 0-1 (36)}) 12... hxg4 13. hxg4
O-O-O 14. b3 c5 15. Be3 c4 16. bxc4 dxc4 17. d5 Qa5+ 18. Bd2 Qxd5 19. Qxd5 exd5
20. g5 cxd3 21. gxh6 dxe2 22. Kxe2 Bxh6 23. Bc3 b6 24. Bd4 Nc5 {
0-1 (24) Matthaei,A (2295)-Maeurer,C (2245) Porz 1994}) (11. Ne2 $142 $5 $16)
11... Qxb2 $11 12. Kd2 b5 $4 (12... Qa3 $142 13. Rab1 Nd7 14. Rxb7 Nb6 $14) 13.
a3 $18 b4 (13... Nf5 14. Rhb1 Qxa1 15. Rxa1 Nxe3 16. Kxe3 $18) 14. Na4 Qxa3 15.
Rxa3 bxa3 16. Ra1 Bf8 (16... Nf5 17. Rxa3 Nd7 18. Bf2 $18) 17. Nc5 (17. g4 Nd7
18. f5 hxg4 19. hxg4 gxf5 20. gxf5 O-O-O $18) 17... Bxc5 (17... Nf5 18. Bf2 Nd7
19. Na6 $18) 18. dxc5 Nf5 19. Bxf5 gxf5 20. Rxa3 Nd7 (20... a5 21. c4 $1 $18)
21. c4 $1 a5 (21... dxc4 22. Qxc6 {Deflection Pinning}) 22. cxd5 exd5 (22...
cxd5 23. c6 Nb8 24. Rc3 $18) 23. Bd4 Rh7 (23... Ke7 24. e6 $1 Nf6 25. exf7 Kxf7
26. Bxf6 Kxf6 27. Qc3+ Kg6 28. Qe5 $18) 24. Qb3 Rb8 25. Qa4 (25. Qd3 Rg7 26.
Qxf5 Rb5 27. Qxh5 Nf8 $18) 25... Rb2+ (25... Rb5 26. Qc2 Rb4 27. Qxf5 Rxd4+ 28.
Ke3 Re4+ 29. Kf3 a4 30. Qxh7 Nxc5 31. Qh8+ Kd7 $18) 26. Bxb2 (26. Bxb2 d4 27.
Qxc6 f6 28. Rxa5 Re7 29. exf6 Kf7 30. fxe7 Nf6 31. Qxf6+ Kxf6 32. e8=Q Kg7 33.
Qd7+ Kf6 34. Ra6#) 1-0

[Event "It's Summer Open"]
[Site "?"]
[Date "1975.06.21"]
[Round "4"]
[White "Powrie, C."]
[Black "Bailey, B."]
[Result "1/2-1/2"]
[WhiteElo "1858"]
[BlackElo "2016"]
[Annotator "Stockfish 13 (15s)"]
[PlyCount "85"]
[EventDate "1975.??.??"]

{C93: Closed Ruy Lopez: Smyslov Variation} 1. e4 e5 2. Nf3 Nc6 3. Bb5 a6 4. Ba4
Nf6 5. O-O Be7 6. Re1 b5 7. Bb3 d6 8. c3 O-O 9. h3 h6 10. d4 Re8 11. Nbd2 Bf8
12. Nf1 Bb7 13. Ng3 Na5 14. Bc2 g6 15. b3 (15. a4 Qd7 16. b3 Bg7 17. Bd2 Nc6
18. axb5 axb5 19. Rxa8 Bxa8 20. Qe2 d5 21. exd5 Qxd5 22. c4 bxc4 23. bxc4 Qd8
24. dxe5 Nd7 25. Bc3 Ncxe5 26. Be4 Nxf3+ 27. Qxf3 Bxc3 28. Qxc3 Nf6 29. Bxa8
Rxe1+ {Raicevic,V (2490)-Banas,J (2325) Trencianske Teplice 1974 1/2-1/2 (32)})
15... Bg7 16. Bb2 Qd7 $146 (16... c6 17. Qd2 c5 18. d5 Bc8 19. c4 bxc4 20. Bc3
Nb7 21. bxc4 Nd7 22. a4 a5 23. Reb1 Nb6 24. Bd3 Qc7 25. Qb2 Nd7 26. Nd2 Nb8 27.
Qb6 Qxb6 28. Rxb6 Na6 29. Rxa6 Rxa6 30. Rb1 Re7 31. Rb5 {
Celis,S (2125)-Ak Ahmad,B Tagaytay City 2004 1/2-1/2 (35)}) (16... c5 17. Qd2
c4 18. d5 Bc8 19. b4 Nb7 20. a4 Bd7 21. axb5 axb5 22. Rxa8 Qxa8 23. Ra1 Qb8 24.
Qe3 Qc7 25. Qa7 Rc8 26. Ra6 Ne8 27. Bc1 Qb8 28. Qb6 Qc7 29. Be3 Qxb6 30. Bxb6
Bf6 31. Ra7 {
Timoscenko,G (2425)-Banas,J (2325) Rimavska Sobota 1974 1/2-1/2 (67)}) (16...
exd4 17. cxd4 Nd7 18. Qd2 c5 19. Rad1 Qc7 20. Bd3 Nc6 21. Bb1 Red8 22. d5 Ne7
23. Nh2 c4 24. Rc1 Bxb2 25. Qxb2 Kh7 26. Ng4 Ng8 27. Re3 Nc5 28. h4 Bc8 29.
Nf6+ Nxf6 30. Qxf6 Qe7 31. Qf4 {Maeder,K-Kende,R Haifa 1970 1/2-1/2 (44)}) (
16... Nh7 $5 $14) 17. Qd2 $16 Re7 $2 (17... c5 $142 $16) 18. c4 $18 Nc6 19. d5
Nd8 20. Rad1 (20. c5 c6 21. Rad1 a5 $18) 20... Ne8 (20... Qe8 21. Bd3 $18) 21.
Nh2 (21. Nh4 bxc4 22. bxc4 a5 $18) 21... c5 $2 (21... h5 22. Nf3 $18) 22. Bc1 (
22. f4 bxc4 23. bxc4 Rb8 24. fxe5 dxe5 $18) 22... Nf6 (22... f6 23. Ne2 $18)
23. f4 Qe8 (23... a5 24. f5 $18) 24. fxe5 (24. f5 Bc8 25. Rf1 Rb7 $18) 24...
dxe5 (24... Rxe5 25. Bb2 $18) 25. Qe2 (25. Qf2 Rc7 26. Nf3 Nd7 $18) 25... b4 (
25... Bc8 26. Nf3 Nb7 $18) 26. Be3 Rc8 (26... Nd7 27. h4 h5 28. Kh1 $18) 27.
Qf2 Nd7 (27... Rec7 28. Rd3 Qf8 29. Bxh6 Bxh6 30. Qxf6 $18) 28. Rf1 (28. Rd2
Ra8 29. Bd1 a5 $18) 28... f6 (28... Ra8 29. Rd2 $18) 29. Qd2 (29. h4 h5 30. Ne2
Bf8 $18) 29... Kh7 (29... h5 30. Nf3 Bf8 31. Nh4 $18) 30. Ng4 (30. h4 $142 h5
31. Ne2 $18) 30... h5 31. Nf2 (31. Nh2 Nf7 32. Rf2 Bh6 $18) 31... Nf7 32. Nd3
Bh6 33. Rf2 Bxe3 34. Qxe3 Nd6 35. h4 (35. Rdf1 Qh8 36. Bd1 Kg8 $18) 35... Qf8 (
35... Rg7 36. a3 bxa3 37. Ra1 $16) 36. Rdf1 (36. Ra1 Rg7 $16) 36... Rf7 37. Qe2
(37. Ra1 $5 Qe7 $16) 37... Qe7 38. Qe3 Qf8 (38... a5 39. Re1 $16) 39. Ne1 (39.
a3 $142 $5 bxa3 40. Ra1 $16) 39... Qh6 $14 40. Qe2 Qf8 (40... a5 41. Rf3 $14)
41. Qe3 (41. Nf3 a5 $16) 41... Qh6 42. Qe2 Qf8 (42... a5 43. Rf3 $14) 43. Qe3
1/2-1/2

[Event "UW Open"]
[Site "?"]
[Date "1976.01.10"]
[Round "1"]
[White "Brown, D."]
[Black "Bailey, B."]
[Result "0-1"]
[WhiteElo "1599"]
[BlackElo "2029"]
[Annotator "Stockfish 13 (15s)"]
[PlyCount "98"]
[EventDate "1976.??.??"]

{C34: King's Gambit Accepted: 3 Nf3: 3...Nf6 and 3...d6} 1. e4 e5 2. f4 exf4 3.
Nf3 d6 4. d4 g5 5. h4 g4 6. Ng1 Nf6 7. Nc3 Bh6 (7... Nh5 8. Qd3 c6 9. Nge2 Qf6
10. Bd2 Bh6 11. Nb5 Qe7 12. Nbc3 Qe6 13. O-O-O O-O 14. g3 f3 15. Nf4 Nxf4 16.
Bxf4 Bxf4+ 17. gxf4 f5 18. e5 d5 19. Nb1 Na6 20. Nd2 Qh6 21. Qe3 Nc7 22. h5 {
Hebden,M (2495)-Thipsay,P (2425) Southport 1983 0-1 (51)}) 8. Bc4 $4 $146 (8.
Nge2 g3 (8... Qe7 9. Qd3 c6 10. g3 Na6 11. a3 b5 12. Bxf4 Bxf4 13. Nxf4 b4 14.
axb4 Nxb4 15. Qe2 a5 16. Bg2 O-O 17. O-O Ne8 18. Rfe1 Ng7 19. Qd1 Qd8 20. Na4
Rb8 21. c3 Na6 22. Kh2 Nc7 23. e5 {
Tsomaia,S-Khachian,M (2440) Yerevan 1996 1-0 (47)}) 9. Bxf4 Bxf4 10. Nxf4 Bg4
11. Be2 Rg8 12. Qd3 Nc6 13. O-O-O a6 14. Qe3 Bxe2 15. Nfxe2 Qe7 16. Nxg3 O-O-O
17. Qf3 Kb8 18. Nd5 Nxd5 19. exd5 Na7 20. Rde1 Qd7 21. Re4 Nc8 22. Rf1 Qa4 {
Wolfram,B (2150)-Kummer,H (2347) Oberpullendorf 2002 1/2-1/2 (56)}) (8. Nge2
Nh5 9. Nd5 $11) 8... Be6 (8... c6 9. Nge2 b5 10. e5 $17) 9. d5 (9. Bxe6 $5 fxe6
10. Nge2 $11) 9... Bc8 $15 10. Nge2 (10. h5 Nbd7 11. Qd4 Ne5 $17) 10... Nh5 $17
11. Qd4 $2 (11. g3 $142 $5 Nd7 12. Bxf4 Nxf4 13. Nxf4 $17) 11... O-O $19 12.
Bd2 (12. Qf2 $142 f5 13. Nxf4 fxe4 14. g3 $19) 12... Nd7 13. O-O-O Ne5 {
Black plans f3} (13... Bg7 14. Qf2 Ne5 15. Bd3 $19) 14. Bb3 (14. Kb1 a6 $19)
14... Bd7 (14... Qf6 $142 15. Kb1 f3 16. Bg5 fxe2 17. Bxf6 exd1=Q+ 18. Rxd1
Nxf6 19. Ne2 $19) 15. Qf2 (15. Ba4 f5 16. Kb1 $19) 15... Qf6 {Black prepares f3
} 16. Rdf1 (16. a4 $19) 16... f3 17. gxf3 Nxf3 18. Be3 b5 19. Nd1 (19. Kb1 Rae8
20. Bg5 Nd2+ 21. Bxd2 Qxf2 22. Rxf2 Bxd2 $19) 19... Rfe8 20. Ng1 Rxe4 21. Nxf3
Bxe3+ 22. Nxe3 Qxf3 (22... Rae8 $5 23. Nxg4 Bxg4 24. Qg2 Qf4+ 25. Nd2 $19) 23.
Qxf3 (23. Nxg4 Qxf2 24. Nxf2 $19 (24. Rxf2 $4 Rxg4 25. c3 Ng3 $19)) 23... gxf3
24. Rxf3 Rae8 25. Nf5 (25. Kd2 Rd4+ 26. Kc1 $19) 25... Nf4 (25... Kf8 $5 26.
Nh6 Rf4 27. Rxf4 Nxf4 28. c3 $19) 26. Rg1+ $4 (26. Ng3 $142 Re3 27. Rxf4 Rxg3
28. Rhf1 $19) 26... Kf8 27. Ng3 (27. Nh6 Re1+ 28. Rxe1 Rxe1+ 29. Kd2 Re2+ 30.
Kc1 $19) 27... Ne2+ (27... Bg4 $142 28. Rf2 Re1+ 29. Rxe1 Rxe1+ 30. Kd2 Rd1+
31. Ke3 Nxd5+ 32. Bxd5 Rxd5 $19) 28. Nxe2 $17 Rxe2 29. Rgf1 $2 (29. Rc3 $142
Rc8 30. Rf3 $17) 29... R8e7 $19 30. c3 (30. c4 Re1+ 31. Rxe1 Rxe1+ 32. Kd2 Re4
$19) 30... Bg4 31. R3f2 (31. Rf4 h5 32. c4 b4 $19) 31... Kg7 (31... Rxf2 32.
Rxf2 Re1+ 33. Kd2 $19) 32. Rxe2 (32. Rf4 f5 $19) 32... Rxe2 (32... Bxe2 $143
33. Rf4 a6 34. Bc2 $19) 33. Rg1 (33. Bd1 Rg2 34. a4 bxa4 35. Bxa4 Rh2 $19)
33... h5 34. Bc2 (34. Bd1 Re4 35. b4 $19) 34... Rh2 35. Bd3 Rxh4 36. Bxb5 (36.
Bc2 Kf8 $19) 36... f5 37. Be2 (37. Re1 Kf6 $19) 37... Kf6 38. Bxg4 (38. Rg2
Rh1+ 39. Kd2 Kg5 $19) 38... hxg4 39. Kd2 (39. Kc2 f4 $19) 39... Rh2+ 40. Ke3
Rxb2 41. Ra1 Kg5 42. a4 f4+ 43. Ke4 Re2+ 44. Kd3 f3 45. Rg1 Kf4 46. c4 g3 47.
a5 (47. Rh1 g2 48. Rh4+ Kf5 49. Rh3 Re3+ 50. Kxe3 g1=Q+ 51. Kd2 Qg2+ 52. Kc3
Qxh3 53. Kb4 f2 54. Kb5 f1=Q 55. a5 Ke4 56. Kc6 Qc8 57. Kb5 Qb7+ 58. Ka4 Qa1#)
47... Re5 (47... f2 48. Rh1 Re1 49. Rh4+ Kf3 50. Kc3 f1=Q 51. Rd4 Re3+ 52. Kb2
Qf2+ 53. Kc1 Rc3+ 54. Kb1 Qc2+ 55. Ka1 Ra3#) 48. a6 (48. Kc3 f2 49. Rh1 g2 50.
Rh4+ Kg3 51. Rh7 g1=Q 52. Rg7+ Kf3 53. Rf7+ Ke2 54. Kb3 Re3+ 55. Kb2 Qd1 56.
Rf3 Kxf3 57. c5 Qd2+ 58. Ka1 f1=Q#) 48... f2 49. Rf1 (49. Rh1 Re1 50. Rh4+ Kg5
51. c5 Kxh4 52. c6 f1=Q+ 53. Kc3 Qf3+ 54. Kb4 Re4+ 55. Kb5 Qb3+ 56. Ka5 Qb6#)
49... Re1 (49... Re1 50. c5 Rxf1 51. Kc3 Rc1+ 52. Kb2 f1=Q 53. c6 Rb1+ 54. Kc3
Ke4 55. Kd2 Qd3#) 0-1